مصر فى تاريخ البلاغة

محفوظ في:

المؤلف الرئيسي: أمين الخولى.

التنسيق: كتاب

اللغة: Undetermined

منشور في: Al-Qāhirah Matbaeat almaehad alealmaa alfaransaa lil'athar alsharqia 1934

سلاسل: مجلة كلية الأداب، المجلد الثانى العدد الأول

الوسوم: إضافة وسم

لا توجد وسوم, كن أول من يضع وسما على هذه التسجيلة!

رقم الطلب: P10 KHOUL

LEADER 00487nam a2200133Ia 4500
008 240404s9999||||xx |||||||||||||| ||und||
050 4 |a P10 KHOUL 
100 1 |a أمين الخولى. 
245 1 0 |a مصر فى تاريخ البلاغة  |c أمين الخولى 
264 1 |a Al-Qāhirah  |b Matbaeat almaehad alealmaa alfaransaa lil'athar alsharqia  |c 1934 
300 |a 32  |c 25 
490 0 |a مجلة كلية الأداب، المجلد الثانى العدد الأول 
942 |2 lcc  |c BK 
999 |c 58130  |d 58130